[Event "BABIJ    BAGIJ"]
[Site "SchemingMind.com"]
[Date "2017.12.13"]
[Round "-"]
[White "Black Knight"]
[Black "Chessibelle"]
[Result "1-0"]
[WhiteCountry "USA"]
[BlackCountry "ENG"]
[WhiteElo "1351"]
[WhiteRD "51"]
[BlackElo "1107"]
[BlackRD "60"]
[GameID "421960"]

1. e4 e5 2. Nf3 Nc6 3. Bb5 Nge7 4. O-O g6 5. Nc3 d6 6. d3 Bg7 7. d4 Bd7 8. Bxc6 Bxc6 9. Bg5 O-O 10. d5 Bd7
11. h3 f5 12. Re1 c6 13. a4 Qb6 14. Bxe7 Rf7 15. Bxd6 a5 16. Ra3 c5 17. Bxe5 Qxb2 18. Rb3 Qxb3 19. Bxg7 Rxg7 20. cxb3 b6
21. exf5 gxf5 22. Ne5 Bc8 23. d6 Bb7 24. d7 Rd8 25. Nb5 Rxg2+ 26. Kf1 Rh2 27. Ke2 Rxh3 28. Rg1+ Kf8 29. Qd6#
1-0

[Event "BABIJ    BAGIJ"]
[Site "SchemingMind.com"]
[Date "2017.12.14"]
[Round "-"]
[White "Chessibelle"]
[Black "Black Knight"]
[Result "0-1"]
[WhiteCountry "ENG"]
[BlackCountry "USA"]
[WhiteElo "1107"]
[WhiteRD "60"]
[BlackElo "1351"]
[BlackRD "51"]
[GameID "421961"]

1. e4 c5 2. d3 Nc6 3. b3 e6 4. Nf3 Nf6 5. g3 Be7 6. Bg2 b5 7. O-O Bb7 8. c4 b4 9. Bf4 O-O 10. Ng5 h6
11. Nh3 Nd4 12. Qd2 g5 13. Be5 d6 14. Bxf6 Bxf6 15. f4 g4 16. Nf2 h5 17. f5 e5 18. h3 gxh3 19. Nxh3 Nc6 20. Qh6 Bg7
21. Qxh5 f6 22. Nd2 Rf7 23. g4 Kf8 24. g5 Ke7 25. Rae1 Qh8 26. Qg4 Nd4 27. Rc1 Ne2+ 28. Qxe2 Qh4 29. Nf3 Qh8 30. Qd2 fxg5
31. Nfxg5 Rf6 32. Kf2 Qh5 33. Ke1 Qh4+ 34. Kd1 Qg4+ 35. Kc2 Bh6 36. Rg1 d5 37. Qe3 d4 38. Qd2 Rg8 39. Rcd1 Bxg5 40. Qe1 Bh4
41. Nf2 Qf4 42. Rd2 Bc6 43. Nh3 Bxe1
0-1

[Event "BABIJ    BAGIJ"]
[Site "SchemingMind.com"]
[Date "2017.12.13"]
[Round "-"]
[White "Black Knight"]
[Black "JAHI"]
[Result "0-1"]
[WhiteCountry "USA"]
[BlackCountry "INT"]
[WhiteElo "1351"]
[WhiteRD "51"]
[BlackElo "2172"]
[BlackRD "70"]
[GameID "421962"]

1. e4 a6 2. d4 b6 3. Nf3 Bb7 4. Nc3 e6 5. Be2 d6 6. O-O Nd7 7. Be3 e5 8. d5 g6 9. Bg5 f6 10. Be3 Bg7
11. Qd2 f5 12. Bg5 Ndf6 13. exf5 gxf5 14. Bd3 Qd7 15. Bc4 h6 16. Bxf6 Bxf6 17. Rfe1 Ne7 18. Rad1 Ng6 19. Ne2 Be7 20. Ng3 h5
21. Nxf5 Qxf5 22. Bd3 Qf6 23. c4 Nf4 24. Qc2 Nxg2 25. Kxg2 Rg8+
0-1

[Event "BABIJ    BAGIJ"]
[Site "SchemingMind.com"]
[Date "2017.12.13"]
[Round "-"]
[White "JAHI"]
[Black "Black Knight"]
[Result "1-0"]
[WhiteCountry "INT"]
[BlackCountry "USA"]
[WhiteElo "2172"]
[WhiteRD "70"]
[BlackElo "1351"]
[BlackRD "51"]
[GameID "421963"]

1. a3 d5 2. b3 e5 3. Bb2 Nc6 4. e3 Nf6 5. d3 Be7 6. Nd2 Bd7 7. e4 d4 8. c3 O-O 9. cxd4 Nxd4 10. Ngf3 Bg4
11. Be2 Bxf3 12. Nxf3 Bc5 13. Nxe5 Qd6 14. Nc4 Qc6 15. b4 Bb6 16. Rc1 Nxe2 17. Qxe2 a6 18. Qf3 Rfe8 19. Nxb6 Qxb6 20. Bxf6 Qxf6
21. Qxf6 gxf6 22. Rxc7 b5 23. Rc5 Rac8 24. Rxc8 Rxc8 25. Kd2 Rc6 26. Rc1 Rd6 27. Ke3 Kg7 28. d4 Kg6 29. d5 f5 30. Rc6
1-0

[Event "BABIJ    BAGIJ"]
[Site "SchemingMind.com"]
[Date "2017.12.13"]
[Round "-"]
[White "Black Knight"]
[Black "davidcook"]
[Result "0-1"]
[WhiteCountry "USA"]
[BlackCountry "ENG"]
[WhiteElo "1351"]
[WhiteRD "51"]
[BlackElo "1801"]
[BlackRD "84"]
[GameID "421966"]

1. e4 e5 2. Nf3 Nc6 3. Bb5 f5 4. Bxc6 dxc6 5. Nxe5 Qd4 6. Nf3 Qxe4+ 7. Qe2 Qxe2+ 8. Kxe2 Bd6 9. Re1 Nf6 10. Kf1+ Kf7
11. Nc3 Bd7 12. d4 Rhe8 13. Bg5 Nd5 14. Nxd5 cxd5 15. Rxe8 Rxe8 16. Re1 Bb5+ 17. Kg1 Rxe1+ 18. Nxe1 f4 19. Nf3 Kg6 20. h4 h6
21. Bxf4 Bxf4 22. g3 Bc1 23. b3 Bb2 24. Ne5+ Kf5
0-1

[Event "BABIJ    BAGIJ"]
[Site "SchemingMind.com"]
[Date "2017.12.13"]
[Round "-"]
[White "davidcook"]
[Black "Black Knight"]
[Result "1-0"]
[WhiteCountry "ENG"]
[BlackCountry "USA"]
[WhiteElo "1801"]
[WhiteRD "84"]
[BlackElo "1351"]
[BlackRD "51"]
[GameID "421967"]

1. e4 c5 2. d4 cxd4 3. c3 dxc3 4. Nxc3 e5 5. Nf3 Nc6 6. Bc4 Bb4 7. O-O Nf6 8. Nd5 Nxd5 9. exd5 Nd4 10. Nxd4 exd4
11. Qb3 a5 12. a3 Be7 13. d6 Bxd6 14. Bxf7+ Kf8 15. Bh5 g6 16. Bh6+ Ke8 17. Rfe1+ Be7 18. Bg5 gxh5 19. Rxe7+ Qxe7 20. Bxe7 Kxe7
21. Re1+ Kd8 22. Qb6#
1-0